Operations management. -- 6th ed. (Record no. 81588)

MARC details
000 -LEADER
fixed length control field 01672nam a2200301 a 4500
008 - FIXED-LENGTH DATA ELEMENTS--GENERAL INFORMATION
fixed length control field 120210s2010 ||||||||||||||||| || u
020 ## - INTERNATIONAL STANDARD BOOK NUMBER
International Standard Book Number 9780273730460
050 ## - LIBRARY OF CONGRESS CALL NUMBER
Classification number TS 155 Sla
100 ## - MAIN ENTRY--PERSONAL NAME
Personal name Johnston, Robert
245 10 - TITLE STATEMENT
Title Operations management. -- 6th ed.
Statement of responsibility, etc by Nigel Slack; Stuart Chambers and Robert Johnston
250 ## - EDITION STATEMENT
Edition statement 6th ed.
260 ## - PUBLICATION, DISTRIBUTION, ETC. (IMPRINT)
Place of publication, distribution, etc Harlow, Essex:
Name of publisher, distributor, etc Pearson
Date of publication, distribution, etc 2010
260 ## - PUBLICATION, DISTRIBUTION, ETC. (IMPRINT)
Place of publication, distribution, etc Harlow, Essex:
Name of publisher, distributor, etc Prentice Hall
Date of publication, distribution, etc 2010
300 ## - PHYSICAL DESCRIPTION
Extent xxv, 686p.: ill.
350 ## -
-- 0.00
500 ## - GENERAL NOTE
General note Includes Bibliography
650 #0 - SUBJECT ADDED ENTRY--TOPICAL TERM
Topical term or geographic name as entry element MANAGEMENT
650 ## - SUBJECT ADDED ENTRY--TOPICAL TERM
Topical term or geographic name as entry element OPERATIONS MANAGEMENT
650 #0 - SUBJECT ADDED ENTRY--TOPICAL TERM
Topical term or geographic name as entry element PRODUCTION MANAGEMENT
700 ## - ADDED ENTRY--PERSONAL NAME
Personal name Chambers, Stuart
700 ## - ADDED ENTRY--PERSONAL NAME
Personal name Slack, Nigel
995 ## - RECOMMENDATION 995 [LOCAL, UNIMARC FRANCE]
-- 0.00
-- CBU-SCHOOL TEXTBOOK COLLECTIONS
-- 1
-- 0.00
-- 6
-- AVAILABLE
-- May 11, 2011
-- School Collections
995 ## - RECOMMENDATION 995 [LOCAL, UNIMARC FRANCE]
-- 0.00
-- CBU-SCHOOL TEXTBOOK COLLECTIONS
-- 1
-- 0.00
-- 3
-- AVAILABLE
-- May 11, 2011
-- School Collections
995 ## - RECOMMENDATION 995 [LOCAL, UNIMARC FRANCE]
-- 0.00
-- CBU-SCHOOL TEXTBOOK COLLECTIONS
-- 1
-- 0.00
-- 2
-- AVAILABLE
-- May 11, 2011
-- School Collections
995 ## - RECOMMENDATION 995 [LOCAL, UNIMARC FRANCE]
-- CBU-MAIN LIBRARY (Kitwe)
-- 0.00
-- 1
-- AVAILABLE
-- Jun 25, 2012
-- Main Library Open Access Collection
995 ## - RECOMMENDATION 995 [LOCAL, UNIMARC FRANCE]
-- 0.00
-- CBU-SCHOOL TEXTBOOK COLLECTIONS
-- 1
-- 0.00
-- 4
-- AVAILABLE
-- May 11, 2011
-- School Collections
995 ## - RECOMMENDATION 995 [LOCAL, UNIMARC FRANCE]
-- 0.00
-- CBU-SCHOOL TEXTBOOK COLLECTIONS
-- 1
-- 0.00
-- 5
-- AVAILABLE
-- May 11, 2011
-- School Collections
Holdings
Withdrawn status Lost status Source of classification or shelving scheme Damaged status Not for loan Permanent Location Current Location Shelving location Date acquired Total Checkouts Full call number Barcode Date last seen Copy number Price effective from Koha item type
          CBU-MAIN LIBRARY, KITWE. CBU-MAIN LIBRARY, KITWE.   09/05/2023   TS 155 Sla 742975 09/05/2023 4 09/05/2023 MONOGRAPH
          CBU-SCHOOL TEXT BOOK COLLECTION CBU-SCHOOL TEXT BOOK COLLECTION   09/05/2023   SCHOOL TEXTBOOK Z03007763 09/05/2023 1 09/05/2023 MONOGRAPH
          CBU-SCHOOL TEXT BOOK COLLECTION CBU-SCHOOL TEXT BOOK COLLECTION   09/05/2023   SCHOOL TEXTBOOK Z03007765 09/05/2023 2 09/05/2023 MONOGRAPH
          CBU-SCHOOL TEXT BOOK COLLECTION CBU-SCHOOL TEXT BOOK COLLECTION   09/05/2023   SCHOOL TEXTBOOK Z03007764 09/05/2023 3 09/05/2023 MONOGRAPH
          CBU-SCHOOL TEXT BOOK COLLECTION CBU-SCHOOL TEXT BOOK COLLECTION   09/05/2023   SCHOOL TEXTBOOK Z03007766 09/05/2023 5 09/05/2023 MONOGRAPH
          CBU-SCHOOL TEXT BOOK COLLECTION CBU-SCHOOL TEXT BOOK COLLECTION   09/05/2023   SCHOOL TEXTBOOK Z03007767 09/05/2023 6 09/05/2023 MONOGRAPH